Statistics for Famous 80's-90's Rock Album covers

Click here to take the quiz!

General Stats

  • This quiz has been taken 365 times
  • The average score is 3 of 15

Answer Stats

HintAnswer% Correct
Baby reaches for a dollar bill, underwater.Nevermind
96%
4 band members' skulls are posed infront of a cross.Appetite for Destruction
40%
Cartoony scene of a plane dropping nukes into a city.Dookie
34%
Picture of a man's "back" with a red hat in his back pocketBorn in the U.S.A
33%
Famous photo of a Vietnamese monk setting himself on fire.Rage Against the Machine (self titled)
29%
4 band members wrap their thorny tongue around a rose.Blood Sugar Sex Magik
25%
A vandalized statue of Lady Liberty is getting pulled down by various ropes....And Justice for All
17%
Nurse rushing with a hospital bed through a very orange room.Blur (self titled)
14%
Person getting punched,violently, in greyscale.Vulgar Display of Power
14%
Kid riding a small Chinese dragon wearing stockings through the sky.Purple
11%
Angry looking llama pokes its head through a cage's bars.Vs.
11%
Heron poses in front of a blue background.Angel Dust
6%
Demonic man with long tongue shows off his claws.Open and up and say... Ahh!
4%
Photo of a man diving into a pool, layered on a greyscale photo of a crowd looking up.High 'n' Dry
3%
Drawing of an alien's face surrounded by stars, on a purple brick wall.Zooropa
2%

Score Distribution

Percentile by Number Answered

Percent of People with Each Score

Your Score History

You have not taken this quiz